00634nam a22001817a 450000500170000001000220001702000230003903500220006203700160008408200130010010000220011324501070013526000460024227000640028830000320035265000460038465000220043020181103174041.0 aB-223423,B-223447 c315.00a8178122502 aB-223423,B-223447 bCen Lib/Ret a020bPAN aPandey, Ravindra  aR.Gupta's popular master guide : UGC-NET/SLET :blibrary and information science /cby Ravindra Pandey aNew DelhibRamesh Publishing House c2008 a12-H, New Aryaganj, Opp. Traffic KotwalibNew Delhie110002 avarious pagings c23cm(pbk) aLibrary and information science -- guide  aUGC-NET -- guide